Geography Quiz

Random Geography or State Quiz

Flipped US States II Quiz Stats

 Plays Quiz Updated Oct 30, 2015

Also try: Flipped US States
Challenge
Share
Tweet
Score 0/16 Timer 02:00
4 Plays Today
% Correct
Tennessee
93%
Illinois
89.7%
Utah
87.4%
Alabama
87.1%
New Mexico
82.1%
South Carolina
81.6%
Indiana
80.7%
Maine
75.7%
% Correct
Mississippi
68.7%
Vermont
67.1%
Pennsylvania
67.1%
Georgia
66.1%
Oregon
62.3%
Arizona
62.1%
Montana
60.4%
South Dakota
57.1%

You're not logged in!

Compare scores with friends on all Sporcle quizzes.
Join for Free
OR
Log In

You Might Also Like...

Show Comments

Extras

Top Quizzes Today


Score Distribution

Your Account Isn't Verified!

In order to create a playlist on Sporcle, you need to verify the email address you used during registration. Go to your Sporcle Settings to finish the process.

Report this User

Report this user for behavior that violates our Community Guidelines.

Details: